000
00331nam a2200133Ia 4500
008
220217s9999||||xx |||||||||||||| ||und||
020
_a
81-7167-676-6
082
_a
823 TAG
100
_a
Tagore, Rabhindranath
245
0
_a
Gitanjali
260
_a
Roopa company
_b
New Delhi
_c
2002
300
_b
50
650
_a
GENERAL BOOKS
999
_c
172435
_d
172435